|
|
|
|
| LEADER |
00000nab a2200000 a 4500 |
| 001 |
vtls000718436 |
| 003 |
SK-MaSNL |
| 005 |
20260302194902.0 |
| 008 |
180205c1998 xo 0 slo |
| 015 |
|
|
|a SNBRB2000/04-10330
|
| 035 |
|
|
|a CLN000070603
|
| 040 |
|
|
|a SNKBUCL
|b slo
|c SNKBUCL
|e AACR2
|
| 041 |
0 |
|
|a slo
|
| 044 |
|
|
|a xo
|c SK
|
| 080 |
|
|
|a 791.43(73)
|2 UDC-MRF-SK2
|
| 100 |
0 |
|
|a -Li-
|4 aut
|9 915609
|
| 245 |
1 |
0 |
|a Cameronova plavba filmového Titanicu
|c [autor] -li-
|
| 300 |
|
|
|b Fotogr.
|
| 630 |
0 |
7 |
|a Titanic (film)
|y 1997
|2 snkbucl
|9 903220
|
| 655 |
|
7 |
|a články z novín a časopisov
|2 snkbucl
|9 267496
|
| 773 |
0 |
|
|x 0139-7451
|t Eurotelevízia
|g Roč. 8, č. 53/1 (1998), s. 11
|
| 850 |
|
|
|a Slovenská národná knižnica v Martine
|
| 852 |
|
|
|a SNK
|b KIS3GCP
|
| 958 |
|
|
|a RBX
|
| 999 |
|
|
|c 1450366
|d 1452296
|